Pretty Little Liars Family Quiz - Statistics

General Stats
  • This quiz has been taken 2,369 times
  • The average score is 13 of 15
Answer Stats
Question Correct Answer % Correct
girl who dates the teacher Aria
100%
the gay girl Emily
97%
the dress aholic Hanna
96%
the brainiac Spencer
96%
the girl who went missing Alison
95%
the mother who stole money Ashley
94%
arias mother Ella
93%
arias brother Mike
93%
the brainiacs sister Melissa
92%
the father of the daughter who dates the teacher Byron
87%
the gay girls mother Pam
83%
the brainiacs mother Veronica
80%
the brainiacs father Peter
69%
the man who left his daughter Tom
67%
the father who went to afghanistan Wayne
54%
No matching quizzes found
Score Distribution
Percent of People with Each Score
Percentile by Number Answered
Your Score History
You have not taken this quiz